00798nam a2200253 a 4500001001300000003000900013005001700022008004100039020002300080082001900103100001900122245006600141260005500207300000900262500003500271505001200306650002900318650002600347700001900373902000800392942000700400952012000407999001700527nice12345678IN_TiNIC20260116013608.0050524s1992 newa grp 000 0 eng  a8121564 c30000a232.10954bFUC aFuchs, Stephen aGodmen on the Warpathb Study of Messianic Movements in India aNew Delhi bMunshiram Manoharlal Publishers c1992 a334p aincludes index and biblioraphy2 aIndices aIndia-Messianic Movement aIndia-Religious Cults1 aFuchs, Stephen bSRS cBK 001040708StackRoom-aHMIbHMId2007-06-18g300.00l0o232.10954 FUCp015267r2007-06-18v300.00w2005-05-24yBK c11598d11598